000
00358cam a2200157ua 4500
041
_a
mal
_h
100
_a
Heli, R .
245
_a
Krishipadam /
_c
R.heli.
_h
Textual Documents
250
_a
2 /
_b
.
260
_a
Trivandrum :
_b
Authentic books ,
_c
2006.
300
_a
;
_e
`.
504
_a
942
_c
BK
999
_c
13020
_d
13020